000 00561nam a2200217Ia 4500
003 OSt
005 20220923230826.0
006 a|||||r|||| 00| 0
007 ta
008 Pun
024 _a305,880
037 _cTextual
040 _aARTS
_cARTS
_bPun
041 _2Pun
_aPun
082 _aQ8441wJ9xM72, 153L1.1
100 _aਵੀਰ ਸਿੰਘ
245 0 _aF੍ਰੀ ਅFਟ ਗੁਰ ਚਮਤਕਾਰ
260 _c1971
942 _hQ8441wJ9xM72, 153L1.1
_cTEXL
_2CC
999 _c387667
_d387667